Nome scientifico dei frutti - Statistics

Statistiche generali
  • Questo quiz è stato fatto 55 volte
  • Il punteggio medio è 10 su 20
Statistiche sulle risposte
Hint Risposta % Corretto
Ficus carica Fico
93%
Vitis vinifera Uva
89%
Durio zibethinus Durian
78%
Cocos nucifera Noce di cocco
71%
Fragaria × ananassa Fragola
69%
Pyrus communis Pera
69%
Phoenix dactylifera Dattero
67%
Malus domestica Mela
67%
Citrus × paradisi Pompelmo
56%
Prunus persica Pesca
53%
Punica granatum Melograno
47%
Prunus amygdalus Mandorla
42%
Prunus armeniaca Albicocca
33%
Persea americana Avocado
27%
Vaccinium corymbosum Mirtillo
24%
Corylus avellana Nocciola
24%
Citrullus lanatus Cocomero
20%
Rubus allegheniensis Mora
16%
Mangifera indica Mango
13%
Musa acuminata Banana
7%
Nessun quiz corrispondente trovato
Distribuzione punteggi
Percentuale di utenti per punteggio
Percentile per numero di risposta
I tuoi punteggi nel tempo
Non hai fatto questo quiz